| 000 | 00517nam a2200157Ia 4500 | ||
|---|---|---|---|
| 020 | _a0 471 69691 9 | ||
| 082 | _a005.1 BER | ||
| 100 |
_aBernstein, Lawrence _91771 |
||
| 245 | _aTrustworthy systems through quantitative software engineering | ||
| 260 |
_aHorboken, NJ: _bJohn Wiley and Sons _c2005 |
||
| 300 |
_axxv, 437 p. : _bill. ; 25 |
||
| 500 | _aIncludes bibliographical references and index | ||
| 650 |
_aSoftware engineeringComputer software - reliability _91772 |
||
| 700 |
_aYuhas, C.M. _91773 |
||
| 942 | _cBK | ||
| 999 |
_c7522 _d7522 |
||